000 00222nam a22000857a 4500
008 160630b xxu||||| |||| 00| 0 eng d
100 _91456
_aGoyal, S
245 _aTrekking beyond the Habitable World
260 _aN.D
_b Arya
_c1991
999 _c1204
_d1204